ბათუმის შოთა რუსთაველის სახელმწიფო უნივერსიტეტის ბიბლიოთეკა

ACADEMIC WRITING ESSENTIALS : (ბიბ.ჩანაწერი № 58235)

000 -LEADER
fixed length control field 00819nam a22001937a 4500
005 - DATE AND TIME OF LATEST TRANSACTION
control field 20210927130131.0
008 - FIXED-LENGTH DATA ELEMENTS--GENERAL INFORMATION
fixed length control field 210927s2016 enk||||| |||| 00| 0 eng d
020 ## - INTERNATIONAL STANDARD BOOK NUMBER
International Standard Book Number 9789670876450
041 ## - LANGUAGE CODE
Language code of text/sound track or separate title eng
080 ## - UNIVERSAL DECIMAL CLASSIFICATION NUMBER
Universal Decimal Classification number 37.016:003-028.42 M-96
100 ## - MAIN ENTRY--PERSONAL NAME
Personal name Murad Sani, Azlina
9 (RLIN) 12564
245 ## - TITLE STATEMENT
Title ACADEMIC WRITING ESSENTIALS :
Remainder of title A GUIDE FOR POSTGRADUATE STUDENTS
Statement of responsibility, etc. Azlina Murad Sani.
264 ## - PRODUCTION, PUBLICATION, DISTRIBUTION, MANUFACTURE, AND COPYRIGHT NOTICE
Place of production, publication, distribution, manufacture Sintok :
Name of producer, publisher, distributor, manufacturer Penerbit Universiti Utara Malaysia,
Date of production, publication, distribution, manufacture, or copyright notice 2016.
300 ## - PHYSICAL DESCRIPTION
Extent 156 p.
Other physical details 23 cm.
653 ## - INDEX TERM--UNCONTROLLED
keyword აკადემიური წერის ძირითადი საშუალებები
653 ## - INDEX TERM--UNCONTROLLED
keyword სახელმძღვანელო პოსტდიპლომური სტუდენტისათვის
653 ## - INDEX TERM--UNCONTROLLED
keyword აკადემიური წერა
942 ## - ADDED ENTRY ELEMENTS (KOHA)
Source of classification or shelving scheme
Koha item type წიგნი
ეგზემპლარები
Withdrawn status Lost status Source of classification or shelving scheme Damaged status Not for loan Permanent Location Current Location Shelving location Date acquired Cost, normal purchase price Full call number Barcode Date last seen Copy number Price effective from Koha item type Public note
          ბათუმის შოთა რუსთაველის სახელმწიფო უნივერსიტეტის მთავარი ბიბლიოთეკა ბათუმის შოთა რუსთაველის სახელმწიფო უნივერსიტეტის მთავარი ბიბლიოთეკა წიგნსაცავი 2021-09-27 51.00 37.016:003-028.42 M-96 61734 2021-09-27 61734 2021-09-27 წიგნი 51 ლ.
          ბათუმის შოთა რუსთაველის სახელმწიფო უნივერსიტეტის მთავარი ბიბლიოთეკა ბათუმის შოთა რუსთაველის სახელმწიფო უნივერსიტეტის მთავარი ბიბლიოთეკა წიგნსაცავი 2021-09-27 51.00 37.016:003-028.42 M-96 61735 2021-09-27 61735 2021-09-27 წიგნი 51 ლ.